Normal view
MARC view
Entry Personal Name
001 - CONTROL NUMBER
- control field: 56
003 - CONTROL NUMBER IDENTIFIER
- control field: NLI
005 - DATE AND TIME OF LATEST TRANSACTION
- control field: 20210113171438.0
008 - FIXED-LENGTH DATA ELEMENTS
- fixed length control field: 210113|| aca||aabn | a|a d
040 ## - CATALOGING SOURCE
- Original cataloging agency: NLI
- Transcribing agency: NLI
100 ## - HEADING--PERSONAL NAME
- Personal name: Mitra, Ruchira
670 ## - SOURCE DATA FOUND
- Source citation: Work cat.: (NLI): Mitra, Ruchira, Biography versus hagiography: a study of select life stories of Ramakrishna, 2020
